The apple way (Record no. 2014)

MARC details
000 -LEADER
fixed length control field 00710 a2200205 4500
010 ## - LIBRARY OF CONGRESS CONTROL NUMBER
LC control number ENG-85318
020 ## - INTERNATIONAL STANDARD BOOK NUMBER
International Standard Book Number 007061184X
Terms of availability 299.00
035 ## - SYSTEM CONTROL NUMBER
System control number EN-68851
037 ## - SOURCE OF ACQUISITION
Source of stock number/acquisition D.B.Act / Pub
082 14 - DEWEY DECIMAL CLASSIFICATION NUMBER
Classification number 005.11
090 ## - LOCALLY ASSIGNED LC-TYPE CALL NUMBER (OCLC); LOCAL CALL NUMBER (OCLC)
-- 2048
-- 2048
100 1# - MAIN ENTRY--PERSONAL NAME
Personal name Cruikshank, Jeffrey L.
245 1# - TITLE STATEMENT
Title The apple way
Statement of responsibility, etc by Jeffrey L. Cruikshank
Remainder of title 12 management lessons from the worlds most innovative company
260 ## - PUBLICATION, DISTRIBUTION, ETC. (IMPRINT)
Place of publication, distribution, etc New Delhi
Name of publisher, distributor, etc Tata Mcgrawhill Publishing
Date of publication, distribution, etc 2007
270 ## - ADDRESS
Address 7, West Patel Nagar
City New Delhi
Postal code 110 008
300 ## - PHYSICAL DESCRIPTION
Extent xviii, 206 p.
Dimensions 23 cm. (Pbk.)
500 ## - GENERAL NOTE
General note Includes index
942 ## - ADDED ENTRY ELEMENTS (KOHA)
Institution code [OBSOLETE] dpl
Koha item type English Books
Call number prefix 005.11 / CRU
Holdings
Withdrawn status Lost status Source of classification or shelving scheme Damaged status Not for loan Collection code Home library Current library Source of acquisition Cost, normal purchase price Total Checkouts Full call number Barcode Date last seen Copy number Uniform Resource Identifier Cost, replacement price Price effective from Koha item type
    Dewey Decimal Classification   Not For Loan Non-fiction D.B.Act.Division D.B.Act.Division DBAD/PUB 299.00   005.11 CHU EN-68851 15/09/2008 1 2128 299.00 15/09/2008 English Books

© Delhi Public Library
Hit Counter
free hit counter